Central Library OPAC University of Rajshahi

The social condition of humanity : (Record no. 57249)

MARC details
000 -LEADER
fixed length control field 00705nam a2200241 a 4500
001 - CONTROL NUMBER
control field 57249
003 - CONTROL NUMBER IDENTIFIER
rucl marc code BD-RjUL
005 - DATE AND TIME OF LATEST TRANSACTION
control field 20211209080504.0
008 - FIXED-LENGTH DATA ELEMENTS--GENERAL INFORMATION
fixed length control field 161207s1981 nyu b 001 0 eng
020 ## - INTERNATIONAL STANDARD BOOK NUMBER
International Standard Book Number 0195027345 (pbk.) :
Terms of availability $8.95
035 ## - SYSTEM CONTROL NUMBER
System control number (BD-RjUL)57373
040 ## - CATALOGING SOURCE
Original cataloging agency DLC
Transcribing agency DLC
Modifying agency BD-RjUL
Language of cataloging eng
041 ## - LANGUAGE CODE
Language code of text/sound track or separate title eng
082 00 - DEWEY DECIMAL CLASSIFICATION NUMBER
Classification number 301
Edition number 23
Author mark and year ZES 1981
100 1# - MAIN ENTRY--PERSONAL NAME
Personal name Zeitlin, Irving M.
9 (RLIN) 170014
245 14 - TITLE STATEMENT
Title The social condition of humanity :
Remainder of title an introduction to sociology /
Statement of responsibility, etc. Irving M. Zeitlin.
260 ## - PUBLICATION, DISTRIBUTION, ETC. (IMPRINT)
Place of publication, distribution, etc. New York :
Name of publisher, distributor, etc. Oxford University Press,
Date of publication, distribution, etc. 1981.
300 ## - PHYSICAL DESCRIPTION
Pagination xi, 413 p. ;
Size 24 cm.
500 ## - GENERAL NOTE
General note Includes indexes.
650 #0 - SUBJECT ADDED ENTRY--TOPICAL TERM
Topical term or geographic name as entry element Sociology.
9 (RLIN) 170015
942 ## - ADDED ENTRY ELEMENTS (KOHA)
Source of classification or shelving scheme Dewey Decimal Classification
Koha item type Books
Holdings
Lost status Source of classification or shelving scheme Damaged status Not for loan Collection code Permanent Location Current Location Shelving location Date acquired Source of acquisition Total Checkouts Full call number Date last seen Copy number Koha item type
  Dewey Decimal Classification   Not For Loan Non-fiction Central Library, University of Rajshahi Central Library, University of Rajshahi Reading Room 21/07/1987 Asia foundation   301 ZES 1981 07/12/2016 C-1 Books